00682cam a22002417a 4500003000500000005001700005008004100022010001000063011001000073020001500083035001000098040000900108082001400117100001700131245012300148260004000271300001100311650002800322650001800350650002800368700002200396700002200418CHAP20220329142617.0010926d2000 mx r 00110 spa d a85631 a86603 a8480884061 a97142 cCHAP04a657.4bA500aAmat, Oriol.10aEjercicios y casos resueltos de contabilidad y gestión de costesc/por Oriol Amat, Pilar Soldevila y Santiago Aguila aBarcelona :bGestión 2000,c2000. a173 p.14aContabilidad de costos.14aContabilidad.14aCostos de producción.00aAguila, Santiago.00aSoldevila, Pilar.